00681nam a2200193Ii 450000100060000000300090000600800410001502000150005604000330007104100080010408200160011210000290012824501650015726400720032230000120039433600260040633700280043233800270046011526CO-ViMGA241108s9999||||xx |||||||||||||| ||und|| a9589057519 aCO-ViMGAbspaerdacCO-ViMGA0 aunk04a822.33 I74l1 aAmalia Iriarte Núñez10aLo teatral en la obra de Shakespeare:bAnálisis de algunos aspectos escénicos en las dramas del Isabelino visto a la luz de la teoría teatral del siglo XX 1a[Lugar de publicación no identificado] : Ediciones Uniandes, 1996 avolumen atextbtxt2rdacontent aunmediatedbn2rdamedia avolumebnc2rdacarrier